Service charges within the UK office market (Record no. 110858)
[ view plain ]
| 000 -LEADER | |
|---|---|
| fixed length control field | 00998cam a22002295a 4500 |
| 001 - CONTROL NUMBER | |
| control field | E150410 |
| 008 - FIXED-LENGTH DATA ELEMENTS--GENERAL INFORMATION | |
| fixed length control field | 100709s2009 xxk f 000 0 eng d |
| 020 ## - INTERNATIONAL STANDARD BOOK NUMBER | |
| International Standard Book Number | 9780956449702 |
| 035 ## - SYSTEM CONTROL NUMBER | |
| System control number | (Sirsi) u150410 |
| 041 0# - LANGUAGE CODE | |
| Language code of text/sound track or separate title | eng |
| 050 04 - LIBRARY OF CONGRESS CALL NUMBER | |
| Classification number | 346.4104342 $2 18 |
| 100 1# - MAIN ENTRY--PERSONAL NAME | |
| Personal name | Eccles, Timothy |
| Titles and words associated with a name | Dr |
| 245 00 - TITLE STATEMENT | |
| Title | Service charges within the UK office market |
| Remainder of title | evidence on accounting practice, compliance and disclosure |
| 260 ## - PUBLICATION, DISTRIBUTION, ETC. | |
| Place of publication, distribution, etc. | Brentford |
| Name of publisher, distributor, etc. | Antim Research |
| Date of publication, distribution, etc. | 2009 |
| 300 ## - PHYSICAL DESCRIPTION | |
| Extent | 59p. |
| Dimensions | 30cm. |
| 520 ## - SUMMARY, ETC. | |
| Summary, etc. | Looks at the causes of disputes over service charges, and assesses whether the introduction of the RICS Code of Practice on Service Charges has led to changes. Goes on to examine whether the RICS Service Code has been adequately adopted, and discusses the need for statutory legislation to enforce best practice. |
| 590 ## - LOCAL NOTE (RLIN) | |
| Local note | KA |
| 651 #4 - SUBJECT ADDED ENTRY--GEOGRAPHIC NAME | |
| Geographic name | England and Wales |
| Chronological subdivision | 1543- |
| 690 ## - LOCAL SUBJECT ADDED ENTRY--TOPICAL TERM (OCLC, RLIN) | |
| Topical term or geographic name as entry element | PROPERTY-LEASEHOLD PROPERTY-LANDLORD AND TENANT-SERVICE CHARGES |
| 700 1# - ADDED ENTRY--PERSONAL NAME | |
| Personal name | Holt, Andrew |
| Titles and other words associated with a name | Dr |
| 942 ## - ADDED ENTRY ELEMENTS (KOHA) | |
| Suppress in OPAC | 0 |
| Withdrawn status | Lost status | Source of classification or shelving scheme | Damaged status | Not for loan | Home library | Current library | Shelving location | Date acquired | Total Checkouts | Full call number | Barcode | Date last seen | Copy number | Price effective from | Koha item type |
|---|---|---|---|---|---|---|---|---|---|---|---|---|---|---|---|
| Dewey Decimal Classification | London | London | Folio | 09/07/2010 | F346.4104342 ECC | 30075581 | 06/08/2019 | 1 | 06/08/2019 | Reference material |